| 000 | 00872cam a22002535a 4500 | ||
|---|---|---|---|
| 999 |
_c59760 _d59760 |
||
| 001 | 11866295 | ||
| 003 | ARRUPE | ||
| 005 | 20170601111744.0 | ||
| 008 | 990924s1999 rh ab b 001 0 eng | ||
| 010 | _a 99892121 | ||
| 020 | _a0869227394 | ||
| 035 | _a(DLC) 99892121 | ||
| 040 |
_aDLC _cDLC |
||
| 042 | _alcode | ||
| 100 | 1 |
_aBhebe, Ngwabi. _916865 |
|
| 245 | 1 | 4 |
_aThe ZAPU and ZANU guerrilla warfare and the Evangelical Lutheran Church in Zimbabwe / _cby Ngwabi Bhebe. |
| 260 |
_aGweru, Zimbabwe : _bMamo Press, _c1999. |
||
| 300 |
_ax, 329 p. : _bill., maps ; _c22 cm. |
||
| 440 | 0 |
_aStudia missionalia Upsaliensia ; _v72 _931885 |
|
| 504 | _aIncludes bibliographical references (p. 314-329) and index. | ||
| 906 |
_a7 _bibc _corigode _d3 _encip _f19 _gy-gencatlg |
||
| 942 |
_2lcc _cMONOGRAPH |
||